000 00583nam a2200241 a 4500
001 nice12345678
003 IN_TiNIC
005 20260116011418.0
008 050524s1954 laha grp 000 0 eng
020 _a
_c100
082 0 0 _a297.297
_bSID
100 _aSiddiqi, Mazheruddin
245 _aMarxism Or Islam
260 _aLahore
_bOrientalia Publishers
_c1954
300 _a168p.
500 _aincludes index and biblioraphy
505 2 _ano. 643
650 _aCommunismand Islam
700 1 _aSiddiqi, Mazheruddin
902 _bSRS
942 _cBK
999 _c1306
_d1306